000 00573nam a2200193Ia 4500
003 OSt
005 20240716095014.0
008 210210b1959 xxu||||| |||| 00| 0 eng d
040 _cAL
041 _akan
082 _a859/487
100 _aCHANDRASHEKHARA ಚಂದ್ರ ಶೇಖರ
_9149205
245 _aRundada chendata:
_bರುಂಡದ ಚೆಂಡಾಟ
260 _aBengaluru
_bKe Vi Es Publications
_c1959
690 _aKannada Fiction
_9149206
700 _aDODDA VIRAPPA ದೊಡ್ಡ ವೀರಪ್ಪ
_9149207
906 _a021348
942 _2ddc
_cBK
999 _c145428
_d145428